000 01141cam a2200289 a 4500
001 2070390
003 NUST-PNEC
005 20170116180736.0
008 940928s1995 nyua 001 0 eng
010 _a 94037069
020 _a1558283943 :
_c$34.95 ($45.95 Can.)
040 _cPNEC
050 0 0 _aT385
_b.B868 1995
082 0 0 _a006.6 BUS
_220
100 1 _aBusch, David D.
245 1 0 _aOutrageous PC F/X : tools and techniques for graphic effects.
_cDavid D. Busch.
250 _a1st ed.
260 _aNew York :
_bMIS:Press,
_c1995.
300 _axvii, 428 p. :
_bill. (some col.) ;
_c24 cm. +
_e1 computer laser optical disc (4 3/4 in.)
500 _aIncludes index.
650 0 _aComputer graphics.
650 0 _aMicrocomputers.
_xMIS. Computer
856 _uhttp://www.amazon.com/Outrageous-Tools-Techniques-Graphic-Effects/dp/1558283943/ref=sr_1_1?ie=UTF8&qid=1416988610&sr=8-1&keywords=1558283943
906 _a7
_bcbc
_corignew
_d1
_eocip
_f19
_gy-gencatlg
942 _2ddc
_cBK
999 _c61990
_d61990